On This Day: April 1st II Quiz Stats

 Plays Quiz Updated Apr 1, 2018

Score 0/7 Timer 03:00
0 Plays Today
Question Answer Wrong Answers
This multinational technology company is formed by Steve Jobs, Steve Wozniak, and Ronald Wayne in Cupertino, California.
1976
Apple
91%
Google
1.1%
Microsoft
5.5%
Amazon
0.5%
This German lawyer and politician, who after helping unify Germany served as 1st Chancellor of the German Empire, is born.
1815
Otto von Bismarck
88.6%
William Frederick
3.3%
Paul von Hindenburg
4.4%
Franz Joseph
3.6%
In a radio address, Francisco Franco announces the end of the ______, when the last of the Republican forces surrender.
1939
Spanish Civil War
88%
Dominican Civil War
1.2%
Italo-Yugoslav War
6.7%
Winter War
2.5%
This future dictator is sentenced to five years imprisonment for his participation in the ‘Beer Hall Putsch’, but spends only nine months in jail.
1924
Adolf Hitler
83%
Joseph Stalin
6.1%
Benito Mussolini
6.4%
Fidel Castro
3.3%
Singapore becomes a ______ crown colony.
1867
British
82%
French
4.8%
Dutch
8.8%
Portuguese
3.8%
The Faroe Islands become a self-governing country within ______.
1948
Denmark
61.4%
Norway
22.6%
Iceland
11.8%
Germany
2.4%
Carved out of the eastern part of the Northwest Territories, this largest and northernmost territory of Canada is established.
1999
Nunavut
44.2%
Yukon
38.2%
Saskatchewan
9.9%
Manitoba
5.7%

You're not logged in!

Compare scores with friends on all Sporcle quizzes.
OR
Log In

Show Comments

Extras

Top Quizzes Today


Score Distribution

Your Account Isn't Verified!

In order to create a playlist on Sporcle, you need to verify the email address you used during registration. Go to your Sporcle Settings to finish the process.

Report this User

Report this user for behavior that violates our Community Guidelines.

Details: